Океан вне закона (Запись № 12884248)

Подробности
000 -МАРКЕР
контрольное поле 03531nam0a2200421 4500
001 - ИДЕНТИФИКАТОР ЗАПИСИ
контрольное поле RU\NLR\BIBL_A\012702864
005 - ИДЕНТИФИКАТОР ВЕРСИИ
контрольное поле 20250624122950.0
010 ## - МЕЖДУНАРОДНЫЙ СТАНДАРТНЫЙ НОМЕР КНИГИ (ISBN)
Номер (ISBN) 978-5-00139-497-6
Тираж 4000
021 ## - НОМЕР ГОСУДАРСТВЕННОЙ РЕГИСТРАЦИИ
Код страны российская федерация
Номер 2021-71700
Номер Листа государственной регистраци КН-П-5685
035 ## - ДРУГИЕ СИСТЕМНЫЕ НОМЕРА
Идентификатор записи (RuMoRGB)010841135
035 ## - ДРУГИЕ СИСТЕМНЫЕ НОМЕРА
Идентификатор записи (NLR Aleph) 012702864
100 ## - ДАННЫЕ ОБЩЕЙ ОБРАБОТКИ
Данные общей обработки 20220208d2021 |||y0rusy50 ca
101 1# - ЯЗЫК РЕСУРСА
Язык текста, звукозаписи и т.д. русский
Язык оригинала английский
102 ## - СТРАНА ПУБЛИКАЦИИ ИЛИ ПРОИЗВОДСТВА
Страна публикации российская федерация
105 ## - ПОЛЕ КОДИРОВАННЫХ ДАННЫХ: ТЕКСТОВЫЕ МАТЕРИАЛЫ, МОНОГРАФИЧЕСКИЕ
Кодированные данные о монографическом текстовом документе ac||z|||001zy
181 #1 - ПОЛЕ КОДИРОВАННЫХ ДАННЫХ: ВИД СОДЕРЖАНИЯ
Код вида содержания (ISBD) i
Код характеристики содержания (ISBD) axxe
182 #1 - ПОЛЕ КОДИРОВАННЫХ ДАННЫХ: ТИП СРЕДСТВА
Код типа средства (ISBD) n - непосредственное
200 1# - ЗАГЛАВИЕ И СВЕДЕНИЯ ОБ ОТВЕТСТВЕННОСТИ
Основное заглавие Океан вне закона
Сведения, относящиеся к заглавию работорговля, пиратство и контрабанда в нейтральных водах
Первые сведения об ответственности Иэн Урбина
Последующие сведения об ответственности перевод с английского: Сергей Чернин, Андрей Гришин
203 ## - ВИД СОДЕРЖАНИЯ И ТИП СРЕДСТВА
Вид содержания Текст
Дополнительные сведения об издании визуальный
Тип средства непосредственный
210 ## - ПУБЛИКАЦИЯ, РАСПРОСТРАНЕНИЕ И ДР.
Место издания, распространения и т.д. Москва
Имя издателя, распространителя и т. д. Альпина нон-фикшн
Дата издания, распространения и т.д. 2021
215 ## - ФИЗИЧЕСКАЯ ХАРАКТЕРИСТИКА
Специфическое обозначение материала и объем 774 с.
Другие сведения о физической характеристике ил.,
Размеры 22
300 ## - ОБЩИЕ ПРИМЕЧАНИЯ
Текст примечания Пер. изд.: The outlaw ocean / Ian Urbina
320 ## - ПРИМЕЧАНИЯ О НАЛИЧИИ В ДОКУМЕНТЕ БИБЛИОГРАФИИ / УКАЗАТЕЛЯ
Текст примечания Библиогр.: с. 745-758
320 ## - ПРИМЕЧАНИЯ О НАЛИЧИИ В ДОКУМЕНТЕ БИБЛИОГРАФИИ / УКАЗАТЕЛЯ
Текст примечания Предм.-имен. указ.: с. 759-774
330 ## - РЕЗЮМЕ ИЛИ РЕФЕРАТ
Текст примечания На нашей планете осталось мало неосвоенных территорий. Но, возможно, самые дикие и наименее изученные - это океаны мира. Слишком большие, чтобы их контролировать, и не имеющие четкого международного правового статуса огромные зоны нейтральных вод стали прибежищем разгула преступности. Работорговцы и контрабандисты, пираты и наемники, похитители затонувших судов и скупщики конфискованных товаров, бдительные защитники природы и неуловимые браконьеры, закованные в кандалы рабы и брошенные на произвол судьбы нелегальные пассажиры. С обитателями этого закрытого мира нас знакомит пулитцеровский лауреат Иэн Урбина, чьи опасные и бесстрашные журналистские расследования, зачастую в сотнях миль от берега, легли в основу книги. Через истории удивительного мужества и жестокости, выживания и трагедий автор показывает глобальную сеть криминала и насилия, опутывающую важнейшие для мировой экономики отрасли: рыболовецкую, нефтедобывающую, судоходную
333 ## - ПРИМЕЧАНИЯ ОБ ОСОБЕННОСТЯХ РАСПРОСТРАНЕНИЯ И ИСПОЛЬЗОВАНИЯ
Текст примечания 16+
454 #0 - ОРИГИНАЛ (ПЕРЕВОДА)
Встроенное поле 2001#$aThe outlaw ocean$fIan Urbina
-- 210##$aNew York$d2019
-- 700#1$aUrbina$bI.$f1972-$gIan
Заглавие The outlaw ocean
Автор Urbina, Ian (1972-)
606 1# - НАИМЕНОВАНИЕ ТЕМЫ КАК ПРЕДМЕТ
Наименование темы Международные преступления
Системный номер авторитетной/нормативной записи 1329077
Идентификатор авторитетной/нормативной записи RU\NLR\AUTH\66237628
607 ## - ГЕОГРАФИЧЕСКОЕ НАИМЕНОВАНИЕ КАК ПРЕДМЕТ
Географическое наименование Мировой океан
Тематический подзаголовок Международно-правовые вопросы
Системный номер авторитетной/нормативной записи 1662602
Идентификатор авторитетной/нормативной записи RU\NLR\AUTH\66736766
686 1# - ИНДЕКСЫ ДРУГИХ КЛАССИФИКАЦИЙ
Индекс Х916.8
686 1# - ИНДЕКСЫ ДРУГИХ КЛАССИФИКАЦИЙ
Индекс Х912.523.3
700 #1 - ИМЯ ЛИЦА - ПЕРВИЧНАЯ ОТВЕТСТВЕННОСТЬ
Начальный элемент ввода Урбина
Часть имени, кроме начального элемента ввода И.
Дополнения к именам, кроме дат 1972-
Расширение инициалов личного имени Иэн
942 ## - ДОПОЛНИТЕЛЬНЫЕ ЭЛЕМЕНТЫ ЗАПИСИ (АБИС)
Тип экземпляра АБИС Книга
980 ## - КОЛЛЕКЦИЯ
Название коллекции Национальная библиография
980 4# - КОЛЛЕКЦИЯ
Название коллекции Отдел обработки и каталогизации
Экземпляры
Тип экземпляра Дата поступления Источник поступления Библиотека постоянного хранения Библиотека текущего хранения Место хранения Шифр хранения Штрих-код Статус не для выдачи Стоимость
Книга 08.02.2022 Обязательный экземпляр РНБ (Московский) РНБ (Московский) Русский книжный фонд: издания с 1957 года, 8этаж, Хран. 2022-5/1297 1-3678765    
Книга 08.02.2022 Обязательный экземпляр РНБ (Московский) РНБ (Московский) Русский книжный фонд: издания с 1957 года, 8этаж, Хран. 2022-5/1297 1-3678766    
Книга 02.03.2022   РНБ (Московский) РНБ (Московский) Залы гуманитарной литературы   ERR-235414   0.00
Книга 04.03.2022   РНБ (Садовая) РНБ (Садовая) Универсальный читальный зал   ERR-235724   0.00